| 000 | 02186nam2a22003371 4500 | ||
|---|---|---|---|
| 001 | v19\rc\1386879 | ||
| 005 | 20250428170034.0 | ||
| 035 | _a(NLR Aleph) 004520400 | ||
| 090 |
_a4860553 _c4860553 |
||
| 100 | _a20060512d1870 |||y0rusy50 ca | ||
| 101 | 0 | _arus | |
| 102 | _aRU | ||
| 105 | _ay z ||||b | ||
| 200 | 1 | _aЖизнеописания: Генерал-адъютанта, генерала от артиллерии графа Сергея Павловича Сумарокова. Генерал-адъютанта генерала от инфантерии барона Эдуарда Андреевича Рамзая. Генерала от инфантерии князя Василия Иосифовича Бебутова. Полковника Александра Михайловича Миклашевского. Подполковника Алексея Ивановича Бибанова | |
| 210 | _d1870 | ||
| 215 | _a210 с. разд. паг. | ||
| 461 | 0 |
_1001v19\rc\1386878 _12001#$aРусское христолюбивое и победоносное воинство, или Полный и подробный словарь жизнеописаний достопамятных защитников святой родины с основания государства до наших дней$fНапис. Вс. Мамышевым. Т. 1-$vТ. 1. Кн. 1 _1700#1$aМамышев$bВ.Н.$f1823-1891$gВсеволод Николаевич |
|
| 702 | 1 |
_aСумароков _bС. П. _f1793- _gСергей Павлович _4570 |
|
| 702 | 1 |
_aРамзай _bЭ. А. _f1808-1877 _gЭдуард Андреевич _4570 |
|
| 702 | 1 |
_aБебутов _bВ. О. _f1791-1858 _gВасилий Осипович _3RU\NLR\AUTH\770279834 _4570 |
|
| 702 | 1 |
_aМиклашевский _bА. М. _f1850-1901 _gАлександр Михайлович _4570 |
|
| 702 | 1 |
_aБибанов _bА. И. _gАлексей Иванович _4570 |
|
| 801 | 0 |
_aRU _bNLR _gpsbo |
|
| 801 | 0 |
_aRU _bRuMoRGB _2psbo |
|
| 801 | 1 |
_aRU _bProSoft-M _2rusmarc |
|
| 852 |
_aNLR _j18.28.8.15 |
||
| 899 |
_aRuMoRGB _jU 374/210 |
||
| 899 |
_aRuMoRGB _jG 61/450 |
||
| 942 | _cBOOK | ||
| 980 | _aNB | ||